| 000 | 00397nam a22001697a 4500 | ||
|---|---|---|---|
| 005 | 20160627161616.0 | ||
| 008 | 160627b xxu||||| |||| 00| 0 eng d | ||
| 020 | _a81-7167-431-3 | ||
| 041 | _aeng | ||
| 082 | _b10526 | ||
| 100 |
_aManpossant, Guyde _92990 |
||
| 245 | _aThe Complete Short Stories | ||
| 260 |
_bRupa Clasics _c2003 |
||
| 300 | _a1011 | ||
| 650 |
_aManagement _9241 |
||
| 942 | _cBK | ||
| 999 |
_c4324 _d4323 |
||